Vernostné programy v maloobchode bakalárska práca

Na minha lista:
Detalhes bibliográficos
Autor principal: Poláčková, Adriana
Autor Corporativo: Obchodná fakulta EU. Katedra marketingu
Outros Autores: Francová, Zuzana, 1971-
Formato: Livro
Idioma:eslovaco
Publicado em: Bratislava 2017
Tags: Adicionar Tag
Sem tags, seja o primeiro a adicionar uma tag!

MARC

LEADER 00000nbm a2200000 4500
001 0232847
005 20170920132408.9
041 0 |a slo 
044 |a SK 
245 1 0 |a Vernostné programy v maloobchode  |b bakalárska práca  |c Adriana Poláčková ; školiteľ: Zuzana Francová 
264 1 |a Bratislava  |c 2017 
300 |a 81 s. 
100 1 |a Poláčková, Adriana 
700 1 |a Francová, Zuzana, 1971- 
710 2 |a Obchodná fakulta EU. Katedra marketingu